000 00828nam a2200229 a 4500
003 BD-DhJNU
005 20251009042217.0
008 940728s1995 nyuab b 001 0 eng
020 _a9780471555797
040 _aBD-DhJNU
_bENG
_cBD-DhJNU
_dBD-DhJNU
082 0 0 _a526 ELE
_223
245 0 0 _aElements of cartography /
_cArthur H. Robinson ... [et al.].
250 _a6th ed.
260 _aNew York :
_bWiley,
_cc1995.
300 _a674 p. :
_bill. (some col.), maps (some col.) ;
_c24 cm.
504 _aIncludes bibliographical references and index.
650 0 0 _aCartography.
700 1 _aRobinson, Arthur Howard,
_d1915-2004.
856 4 2 _3Publisher description
_uhttp://www.loc.gov/catdir/description/wiley037/94033102.html
856 4 _3Table of Contents
_uhttp://www.loc.gov/catdir/toc/onix01/94033102.html
942 _cBK
999 _c2208
_d2208